Kip Moore Charting Songs (Billboard Hot 100) - Statistics

General Stats
  • This quiz has been taken 15 times
    14 since last reset
  • The average score is 3 of 6
Answer Stats
Album Weeks On Peak Song % Correct
Up All Night 20 Weeks #51 Beer Money
63%
Slowheart 8 Weeks #53 Last Shot
50%
Up All Night 20 Weeks #41 Hey Pretty Girl
38%
Slowheart 12 Weeks #66 More Girls Like You
38%
Up All Night 20 Weeks #29 Somethin' 'Bout a Truck
38%
Wild Ones 1 Week #100 I'm to Blame
25%
No matching quizzes found
Score Distribution
Percent of People with Each Score
Percentile by Number Answered
Your Score History
You have not taken this quiz since the last reset